[Event "ARM National Team Qual 2021"]
[Site "Yerevan"]
[Date "2021.03.22"]
[Round "1.1"]
[White "Petrosyan, Manuel"]
[Black "Pashikyan, Arman"]
[Result "1-0"]
[WhiteElo "2628"]
[BlackElo "2606"]
[Annotator "TA"]
[PlyCount "77"]
[EventDate "2021.03.21"]
[EventType "tourn"]
[EventCountry "ARM"]
[SourceTitle "playchess.com"]
[Source "ChessBase"]
[SourceQuality "1"]

{[%evp 9,77,9,25,12,34,34,29,22,13,9,8,9,17,0,32,29,37,33,41,46,36,38,35,32,45,34,23,31,27,18,54,60,61,60,79,79,85,85,83,87,124,132,116,87,87,81,79,48,50,51,60,53,53,57,89,34,583,587,573,562,639,615,608,599,1634,1583,1457,1432,29963,6631]} 1. d4 Nf6 2. c4 e6 3. Nf3 d5 4. Nc3 Bb4 5. cxd5 exd5 6. Bf4 {D38: Queen's Gambit Declined: Ragozin Defence (4 Nf3 Bb4).} O-O 7. e3 Bf5 8. Qb3 {White has an edge.} Nc6 9. Nh4 Be6 10. Bd3 Ne4 11. Nf3 {[#]} g5 $146 ({Predecessor:} 11... Bf5 12. Qc2 Re8 13. O-O Bg6 14. Ne2 Bd6 15. a3 a5 16. Rfc1 Bh5 17. Bg3 Nxg3 18. hxg3 {½-½ (36) Nakamura,H (2736)-Aronian,L (2781) chess24.com INT 2020}) 12. Bg3 h5 13. h4 Nxg3 14. fxg3 g4 15. Ng1 Bd6 16. Nge2 Nb4 17. Nb5 Nxd3+ 18. Qxd3 Bb4+ 19. Nbc3 f5 20. a3 Bd6 21. Nb5 $1 Qd7 22. Rc1 Rfc8 23. Nxd6 cxd6 24. O-O Rxc1 25. Rxc1 Rc8 26. Rf1 Kh8 27. Qd2 Kh7 28. e4 dxe4 29. Qg5 {aiming for Nf4.} Qg7 $1 {[%cal Rg7g5]} 30. Qxh5+ Kg8 $1 31. Kh2 Bd7 32. Nf4 ({Better is} 32. Rxf5 $16 {Black must now prevent Rg5.} Bxf5 33. Qxf5 {[%mdl 64] Double Attack}) 32... Rc2 $2 {[%mdl 8192] [#] Black cannot hold the game after this.} (32... a5 $14) 33. Ne6 $1 $18 {[%mdl 576] Deflection, Decoy} Bxe6 34. Qe8+ {[%mdl 64] Double Attack} Qf8 35. Qxe6+ Qf7 36. Qh6 e3 37. Qg5+ {[%mdl 64] [#] Double Attack} Qg7 38. Qxe3 Qf6 39. Qb3+ {[%mdl 64] Double Attack.  Weighted Error Value: White=0.07/Black=0.57} 1-0

[Event "ARM National Team Qual 2021"]
[Site "Yerevan"]
[Date "2021.03.22"]
[Round "1.2"]
[White "Ter-Sahakyan, Samvel"]
[Black "Martirosyan, Haik M."]
[Result "1/2-1/2"]
[WhiteElo "2640"]
[BlackElo "2622"]
[Annotator "TA"]
[PlyCount "118"]
[EventDate "2021.03.21"]
[EventType "tourn"]
[EventCountry "ARM"]
[SourceTitle "playchess.com"]
[Source "ChessBase"]
[SourceQuality "1"]

{[%evp 15,118,0,0,0,0,0,0,0,0,0,0,0,0,0,0,0,0,0,11,11,0,0,4,4,4,0,15,0,13,17,13,0,50,28,37,40,100,54,44,53,38,29,60,66,56,0,25,33,27,6,10,0,0,-31,-14,-79,-76,-85,-79,-93,-50,-168,-150,-185,-183,-185,0,0,0,0,0,0,0,0,0,0,0,0,0,0,0,0,0,0,0,0,0,0,0,0,0,0,0,0,0,0,0,0,0,0,0,0,0,0,0]} 1. e4 e5 2. Nf3 Nc6 3. Bc4 Bc5 4. c3 Nf6 5. d4 exd4 6. e5 d5 7. Bb5 Ne4 8. cxd4 Bb6 9. Nc3 {C54: Giuoco Piano: 4 c3 Nf6, main lines with 5 d4 and 5 d3.} Bg4 10. h3 Bh5 11. Be3 O-O 12. Qc2 Nxc3 13. bxc3 f6 14. exf6 Qxf6 15. Be2 Rae8 16. O-O Na5 17. Ne5 Bxe2 18. Qxe2 Qe6 19. f4 Nc4 20. Rae1 {[#]} Nd6 $146 ({Predecessor:} 20... Nxe5 21. dxe5 g5 22. Bxb6 Qxb6+ 23. Kh1 gxf4 24. e6 Qd6 25. Qg4+ Kh8 26. Re2 Re7 {½-½ (36) Giri,A (2776)-So,W (2760) Bucharest 2019}) 21. Qc2 Ne4 22. c4 c6 23. Rb1 Rb8 24. Rf3 Bc7 25. a4 Bxe5 ({Black should try} 25... Qd6 $14) 26. dxe5 $16 b6 27. Rd1 Rbd8 {[%cal Bb8d8,Bd8d7,Bd7c7][%mdl 32]} 28. Kh2 h5 29. cxd5 cxd5 30. Kg1 (30. Qb2 $14) 30... h4 31. Qd3 Rd7 32. Bc1 Ng3 33. Ba3 Rc8 34. Kh2 Nf5 35. Qb3 (35. Bd6 $11) 35... Rc4 $17 36. Bb2 Rdc7 $1 37. Rfd3 Rxf4 38. Rxd5 {[#]} (38. Qxd5 $15 Qxd5 39. Rxd5) 38... Kh7 $1 $19 39. Qd3 Qg6 40. Kg1 {[#] next e6! is good for White.} Ng3 $2 ({Weaker is} 40... Rxa4 41. e6 $14) ({Better is} 40... Qg3 $1 $19 {[%cal Rg3f2] Strongly threatening ...Qf2+.} 41. Qxg3 hxg3) 41. Qxg6+ $11 {The position is equal.} Kxg6 42. e6 Rc2 {( -> ...Rff2)} 43. e7 $1 {[%cal Re7e8]} Re4 44. Be5 Kf7 45. Bxg3 hxg3 {[%mdl 4096] Endgame KRR-KRR} 46. Rg5 Rc3 47. Rf1+ Kg8 48. Rxg3 Rxg3 49. Rf8+ Kh7 50. e8=Q Rxe8 51. Rxe8 {KR-KR} a5 52. Kf2 Rb3 53. Re4 Kg6 54. Rg4+ Kf6 55. h4 b5 56. axb5 Rxb5 57. Ra4 Ke5 58. Rg4 {Black must now prevent Rg5+.} Kf6 59. Ra4 Ke5 {Weighted Error Value: White=0.11/Black=0.10} 1/2-1/2

[Event "ARM National Team Qual 2021"]
[Site "Yerevan"]
[Date "2021.03.23"]
[Round "2.1"]
[White "Martirosyan, Haik M."]
[Black "Pashikyan, Arman"]
[Result "1-0"]
[WhiteElo "2622"]
[BlackElo "2606"]
[Annotator "TA"]
[PlyCount "77"]
[EventDate "2021.03.21"]
[EventType "tourn"]
[EventCountry "ARM"]
[SourceTitle "playchess.com"]
[Source "ChessBase"]
[SourceQuality "1"]

{[%evp 9,77,15,20,9,21,0,0,0,0,0,0,2,9,1,55,53,89,92,112,101,115,109,103,116,135,124,116,71,62,48,171,154,182,197,218,218,231,221,215,205,223,234,327,327,313,327,312,308,380,380,384,329,328,328,385,381,444,439,442,442,437,429,5381,4906,29979,29980,29972,29973,29973,29974]} 1. d4 Nf6 2. c4 e6 3. Nf3 d5 4. Nc3 Bb4 5. cxd5 exd5 6. Bf4 {D38: Queen's Gambit Declined: Ragozin Defence (4 Nf3 Bb4).} O-O 7. e3 c5 8. dxc5 {The position is equal.} Qa5 9. Be5 Nfd7 {[#]} 10. Bd6 $146 ({Don't blunder} 10. Qxd5 $2 Nxe5 11. Rc1 (11. Qxe5 $2 Nc6 $19) 11... Nxf3+ 12. gxf3 Rd8 $19) ({Predecessor:} 10. a3 Nxe5 11. axb4 Nxf3+ 12. gxf3 Qxb4 13. Qd4 Nc6 14. Qxb4 Nxb4 15. Kd2 Be6 16. Bb5 {½-½ (50) Bu,X (2723)-Predke,A (2535) Sochi 2016}) 10... Rd8 11. Rc1 {Strongly threatening a3.} Qxa2 (11... Nxc5 $11 12. Be7 Nd3+ 13. Bxd3 Bxe7) 12. Qc2 $14 {Threatens to win with Bd3.} Qa5 {[#]} 13. Bd3 $1 {[%cal Rd3h7]} ({And not} 13. Ng5 g6 $17) 13... g6 14. O-O Nxc5 {[#]} 15. Ra1 $1 Qb6 16. Be7 $36 {[%mdl 2048] Black is under strong pressure.} Nc6 17. Bxd8 Qxd8 18. Bb5 Bf5 19. Qd1 a6 {This costs Black the game.} (19... Bxc3 $14 20. bxc3 a6) 20. Bxc6 $18 bxc6 {[#]} 21. Na2 $1 {[%cal Ra2b4]} Rb8 22. Nd4 Qd6 23. Nxf5 gxf5 24. Qc2 f4 25. exf4 Qxf4 26. Nxb4 Qxb4 27. Ra3 Ne4 28. Qxc6 Qxb2 29. Rd3 Nd2 30. Rd1 Ne4 31. Rf3 ({Stronger than} 31. Qxd5 Qxf2+ 32. Kh1 Qe2 $11) 31... Qd2 {[%cal Rd2d1]} 32. Rf1 a5 {[#]} 33. Rxf7 $1 {[%mdl 576] Decoy} Kxf7 34. Qc7+ {[%mdl 64] Double Attack} Ke6 {And now ...Rf8 would win.} 35. Qxb8 d4 (35... Nc3 $142 36. Qg8+ Kd6 37. Qxh7 a4) 36. Qe8+ Kf5 37. g4+ {White mates.} Kf4 38. Qf7+ {[%mdl 64] Double Attack} Kxg4 39. f3+ {Weighted Error Value: White=0.05/Black=0.48} 1-0

[Event "ARM National Team Qual 2021"]
[Site "Yerevan"]
[Date "2021.03.23"]
[Round "2.2"]
[White "Ter-Sahakyan, Samvel"]
[Black "Petrosyan, Manuel"]
[Result "1/2-1/2"]
[WhiteElo "2640"]
[BlackElo "2628"]
[Annotator "TA"]
[PlyCount "79"]
[EventDate "2021.03.21"]
[EventType "tourn"]
[EventCountry "ARM"]
[SourceTitle "playchess.com"]
[Source "ChessBase"]
[SourceQuality "1"]

{[%evp 11,79,35,39,31,37,-2,22,23,27,22,22,13,7,9,24,6,13,0,5,19,3,7,19,7,11,16,8,2,6,0,0,0,0,0,0,0,0,0,0,0,0,0,0,0,0,0,0,0,0,0,0,0,0,0,0,0,0,0,0,0,0,0,0,0,0,0,0,0,0,0]} 1. d4 Nf6 2. c4 e6 3. Nf3 d5 4. Nc3 c5 5. cxd5 cxd4 6. Qxd4 exd5 7. e4 {[%cal Re4d5] D41: Queen's Gambit Declined: Semi-Tarrasch with 5 cxd5.} dxe4 $1 {[%mdl 4] now scores much better than the old 7...Nc6.} 8. Qxd8+ Kxd8 9. Ng5 Be6 10. Bb5 a6 11. Ba4 Nbd7 12. O-O {[#]} Bb4 $146 ({Predecessor:} 12... b5 13. Bb3 Ke7 14. Be3 h6 15. Ngxe4 Ke8 16. Bd4 Bb4 17. Rae1 Ke7 18. f4 Rhd8 {1-0 (36) Giri,A (2764)-Vidit,S (2726) chess24.com INT 2021}) 13. Rd1 {Threatening Bxd7.} b5 {[#] Threatens to win with ...Bxc3.The position is equal.} 14. Bb3 Bxb3 15. axb3 Bxc3 16. bxc3 Ke8 17. f3 h6 18. Nxe4 Nxe4 19. fxe4 Nc5 20. Be3 Nxe4 21. Bd4 Kf8 22. Re1 Ng5 23. Re5 Ne6 24. Rxb5 {[%mdl 64] [#] Pin} Nxd4 25. cxd4 $11 {[%mdl 4096] Endgame KRR-KRR} g6 26. Rb6 Kg7 27. Raxa6 Rxa6 28. Rxa6 {KR-KR} Rb8 29. Ra3 Rb4 30. Kf2 Rxd4 31. Ra2 Rb4 32. Rb2 Kf6 33. Ke3 Ke5 34. Kd3 Kd5 35. Kc3 Kc5 36. Re2 {Black must now prevent Re5+.} Rf4 37. Re5+ Kd6 38. Re2 Kc5 39. Re5+ Kd6 40. Re2 {Weighted Error Value: White=0.02/Black=0.01} 1/2-1/2

[Event "ARM National Team Qual 2021"]
[Site "Yerevan"]
[Date "2021.03.24"]
[Round "3.1"]
[White "Petrosyan, Manuel"]
[Black "Martirosyan, Haik M."]
[Result "*"]
[WhiteElo "2628"]
[BlackElo "2622"]
[Annotator "RC"]
[PlyCount "120"]
[EventDate "2021.03.21"]
[EventType "tourn"]
[EventCountry "ARM"]
[SourceTitle "playchess.com"]
[Source "ChessBase"]
[SourceQuality "1"]
[TimeControl "40/5400+30:1800+30"]

1. d4 {[%emt 0:00:34]} Nf6 {[%emt 0:00:00]} 2. c4 {[%emt 0:00:09]} e6 {[%emt 0:00:00]} 3. Nc3 {[%emt 0:00:06]} Bb4 {[%emt 0:00:00]} 4. Qc2 {[%emt 0:00:08]} O-O {[%emt 0:00:50]} 5. e4 {[%emt 0:00:32]} c5 {[%emt 0:04:21]} 6. e5 {[%emt 0:08:25]} cxd4 {[%emt 0:14:30]} 7. a3 {[%emt 0:02:08]} Bxc3+ {[%emt 0:10:46]} 8. bxc3 {[%emt 0:00:14]} Ne8 {[%emt 0:09:50]} 9. cxd4 {[%emt 0:02:12]} b5 {[%emt 0:08:17]} 10. Bd3 {[%emt 0:18:48]} f5 {[%emt 0:01:38]} 11. cxb5 {[%emt 0:04:06]} a6 {[%emt 0:01:09]} 12. b6 {[%emt 0:19:12]} Qxb6 {[%emt 0:06:00]} 13. Rb1 {[%emt 0:00:24]} Qc6 {[%emt 0:05:18]} 14. Ne2 {[%emt 0:00:17]} a5 {[%emt 0:02:49]} 15. d5 {[%emt 0:02:02]} Qxc2 {[%emt 0:04:14]} 16. Bxc2 {[%emt 0:01:03]} exd5 {[%emt 0:00:14]} 17. Nd4 {[%emt 0:03:22]} Nc6 {[%emt 0:02:09]} 18. Nxf5 {[%emt 0:04:18]} Ba6 {[%emt 0:02:35]} 19. f4 {[%emt 0:02:25]} Nc7 {[%emt 0:00:47]} 20. g3 {[%emt 0:08:31]} Ne6 {[%emt 0:01:15]} 21. Bb2 {[%emt 0:02:35]} d4 {[%emt 0:10:19]} 22. Nd6 {[%emt 0:00:34]} Rab8 {[%emt 0:01:43]} 23. Be4 {[%emt 0:05:41]} Rb3 {[%emt 0:00:41]} 24. Bc1 {[%emt 0:01:02]} Rc3 {[%emt 0:01:39]} 25. Bd2 {[%emt 0:04:02]} Rxa3 {[%emt 0:00:52]} 26. Nb5 {[%emt 0:00:05]} Ra4 {[%emt 0:02:06]} 27. Bc2 {[%emt 0:01:03]} Rc4 {[%emt 0:00:59]} 28. Bd3 {[%emt 0:00:49]} Rc5 {[%emt 0:00:06]} 29. Ke2 {[%emt 0:00:47]} g5 {[%emt 0:00:23]} 30. Rhg1 {[%emt 0:06:12]} Kh8 {[%emt 0:00:18]} 31. Rgf1 {[%emt 0:01:58]} gxf4 {[%emt 0:00:06]} 32. gxf4 {[%emt 0:00:04]} Nb4 {[%emt 0:00:55]} 33. Bxb4 {[%emt 0:00:02]} axb4 {[%emt 0:00:09]} 34. Rxb4 {[%emt 0:00:38]} Rxf4 {[%emt 0:04:03]} 35. Kd2 {[%emt 0:00:10]} Rxe5 {[%emt 0:00:40]} 36. Nd6 {[%emt 0:00:51]} Bxd3 {[%emt 0:03:21]} 37. Rxf4 {[%emt 0:00:30]} Re2+ {[%emt 0:00:04]} 38. Kxd3 {[%emt 0:00:05]} Nxf4+ {[%emt 0:00:06]} 39. Kxd4 {[%emt 0:00:29]} Rxh2 {[%emt 0:00:52]} 40. Nf5 {[%emt 0:01:12]} Kg8 {[%emt 0:00:00]} 41. Rb7 {[%emt 0:05:10]} Ng6 {[%emt 0:03:17]} 42. Ke3 {[%emt 0:03:24]} Kf7 {[%emt 0:01:09]} 43. Nd4 {[%emt 0:03:47]} Rh3+ {[%emt 0:04:29]} 44. Ke4 {[%emt 0:02:31]} Rh4+ {[%emt 0:00:06]} 45. Ke3 {[%emt 0:00:55]} Ne5 {[%emt 0:00:33]} 46. Ne2 {[%emt 0:00:36]} Rg4 {[%emt 0:02:58]} 47. Nf4 {[%emt 0:02:29]} Kf6 {[%emt 0:00:50]} 48. Rb8 {[%emt 0:00:18]} Ng6 {[%emt 0:00:56]} 49. Nd5+ {[%emt 0:01:29]} Ke6 {[%emt 0:01:07]} 50. Nc3 {[%emt 0:01:28]} h5 {[%emt 0:01:37]} 51. Ne4 {[%emt 0:02:02]} d5 {[%emt 0:01:29]} 52. Nc5+ {[%emt 0:02:16]} Kd6 {[%emt 0:01:14]} 53. Nd3 {[%emt 0:00:24]} Re4+ {[%emt 0:01:28]} 54. Kd2 {[%emt 0:00:44]} Nf4 {[%emt 0:01:02]} 55. Nxf4 {[%emt 0:02:35]} Rxf4 {[%emt 0:00:06]} 56. Rh8 {[%emt 0:00:09]} h4 {[%emt 0:01:37]} 57. Ke3 {[%emt 0:02:13]} Re4+ {[%emt 0:00:47]} 58. Kd3 {[%emt 0:00:05]} Ra4 {[%emt 0:00:10]} 59. Ke3 {[%emt 0:01:33]} h3 {[%emt 0:02:57]} 60. Rxh3 {[%emt 0:00:11]} d4+ {[%emt 0:04:29]} *

[Event "ARM National Team Qual 2021"]
[Site "Yerevan"]
[Date "2021.03.25"]
[Round "4.1"]
[White "Martirosyan, Haik M."]
[Black "Ter-Sahakyan, Samvel"]
[Result "1-0"]
[WhiteElo "2622"]
[BlackElo "2640"]
[Annotator "TA"]
[PlyCount "99"]
[EventDate "2021.03.21"]
[EventType "tourn"]
[EventCountry "ARM"]
[SourceTitle "playchess.com"]
[Source "ChessBase"]
[SourceQuality "1"]

{[%evp 18,99,48,0,0,0,0,0,0,0,0,0,8,0,8,18,16,0,0,0,13,7,16,5,31,8,29,16,47,1,51,38,37,42,39,33,39,29,37,34,78,78,71,75,76,76,72,4,68,33,95,34,277,301,272,309,307,308,291,262,307,279,308,305,301,277,306,281,272,257,1272,1273,1790,1113,1789,1683,1414,1072,1443,1344,1133,1101,1068,1055]} 1. d4 Nf6 2. c4 e6 3. Nf3 d5 4. Nc3 dxc4 5. e4 Bb4 6. Bg5 c5 7. Bxc4 cxd4 8. Nxd4 Bxc3+ 9. bxc3 Qa5 10. Nb5 {And now Qd6 would win.} (10. Bxf6 $5 Qxc3+ {[%mdl 64] Double Attack} 11. Kf1 gxf6 12. Rc1 $11) 10... Nxe4 {D39: Queen's Gambit Declined: Ragozin Defence with 5 Bg5 dxc4.} 11. Qd4 {[%mdl 64] Double Attack} O-O 12. Qxe4 {Strongly threatening Be7.} a6 $1 {[%cal Ra6b5] The position is equal.} 13. Bd3 {[%csl Gd3][%cal Re4h7] Recently 13.0-0 got a lot of attention.} f5 14. Qe2 axb5 15. O-O Nc6 16. Bd2 e5 {[#]} 17. Rfb1 $146 ({Predecessor:} 17. Bxb5 Be6 18. a4 Qc7 19. f3 Rad8 20. Rad1 Bb3 21. Rde1 Kh8 22. Kh1 Rfe8 23. Bg5 {1-0 (52) Nihal,S (2620)-Sarana,A (2654) chess.com INT 2020}) 17... Qc7 18. Rxb5 Kh8 19. Bc4 Bd7 20. Bd5 Na5 21. Rbb1 Nc6 22. Be3 Rae8 23. Qb2 Bc8 (23... b5 $5) 24. Qb6 Qd7 {[%cal Rd7d5]} 25. Rd1 {aiming for Bb3.} f4 {[#]} 26. Be4 $1 Qg4 {[#] Hoping for ...f3.} 27. f3 $1 Qg5 28. Bc5 Bh3 {[%csl Gh3][%cal Rg5g2]} 29. Rd2 Rf7 30. Re1 h6 31. Rde2 Rf6 32. Qb3 $40 {[%mdl 128] Black needs to defend precisely.} ({But not} 32. Qxb7 Rb8 $11) (32. Qb2 $16) 32... Bc8 (32... Bf5 $11) 33. Rd1 Qh5 (33... Bf5 $14) 34. a4 ({Better is} 34. Bd6 $16) 34... Nd8 $2 {[#] This costs Black the game.} ({Black should play} 34... Bf5 $14) 35. Be7 $1 $18 {[%cal Re7d8][%mdl 576] Deflection} Rxe7 36. Rxd8+ {[%mdl 64] Double Attack} Re8 37. Red2 Rff8 38. Rxe8 Rxe8 39. Qb5 (39. Bxb7 Bxb7 40. Qxb7 Qg6 $16) 39... Qf7 40. a5 Qe7 41. Qb6 Kg8 42. Rd6 Qh4 {[%cal Rh4e1]} 43. Kf1 {Black must now prevent Qb3+.} Rf8 $2 (43... Qe7 44. Rd1 Qf8) 44. Qc7 {Threatening mate with Rg6!White is clearly winning.} Bf5 45. Qc4+ Kh7 46. Bxf5+ Rxf5 47. Qe4 Qh5 48. Rb6 Kg8 49. Rxb7 Rf8 50. a6 {Weighted Error Value: White=0.14/Black=0.27} 1-0

[Event "ARM National Team Qual 2021"]
[Site "Yerevan"]
[Date "2021.03.26"]
[Round "5.2"]
[White "Petrosyan, Manuel"]
[Black "Ter-Sahakyan, Samvel"]
[Result "0-1"]
[WhiteElo "2628"]
[BlackElo "2640"]
[Annotator "TA"]
[PlyCount "138"]
[EventDate "2021.03.21"]
[EventType "tourn"]
[EventCountry "ARM"]
[SourceTitle "playchess.com"]
[Source "ChessBase"]
[SourceQuality "1"]

{[%evp 16,138,3,5,16,-8,0,0,0,0,0,-17,-20,-16,0,-9,-13,-8,-7,-7,-7,-8,-5,-19,-13,-34,-2,-15,0,-4,0,-38,-29,-29,-4,-5,-4,-16,-21,-45,-44,-45,-21,-20,-15,-22,-18,-67,-82,-82,-82,-82,-77,-271,-268,-279,-280,-278,-246,-294,-296,-308,-299,-312,-309,-343,-323,-330,-327,-353,-333,-347,-342,-362,-348,-355,-348,-316,-336,-433,-454,-418,-454,-454,-452,-450,-443,-441,-438,-437,-429,-420,-402,-401,-385,-630,-622,-572,-548,-504,-433,-900,-902,-856,-817,-933,-884,-967,-928,-866,-821,-986,-995,-978,-939,-1021,-998,-986,-973,-793,-750,-29964,-29964,-29956,-29949]} 1. d4 d5 2. Nf3 Nf6 3. c4 c6 4. Nc3 e6 5. e3 Nbd7 6. Be2 dxc4 7. a4 Bd6 8. Bxc4 {has lost popularity (8.Nd2).} O-O 9. O-O e5 {D45: Semi-Slav: 5 e3.} 10. Bb3 {[#]} a5 $146 ({Predecessor:} 10... exd4 11. exd4 h6 12. Qc2 a5 13. Bxh6 Kh8 14. Bg5 Qb6 15. Rfe1 Qc7 16. Ne4 Bf4 17. Bxf4 Qxf4 18. Neg5 {1-0 (18) Esipenko,A (2609)-Golikov,D (2319) Porto Carras 2018}) 11. h3 h6 {The position is equal.} 12. Qc2 Re8 13. Ba2 exd4 14. Rd1 Qc7 15. exd4 Nf8 $1 16. d5 cxd5 17. Be3 Be6 18. Qd3 {[%cal Rc3d5]} Bf4 19. Bd4 N8d7 20. Re1 b6 21. Qb5 Qb7 22. Rad1 Rad8 23. b4 axb4 24. Qxb4 Qb8 25. Qb5 Qa8 26. Bb1 Bd6 27. Bxf6 Nxf6 28. Qxb6 Qc8 29. Nb5 Bc5 30. Qc7 Bd7 31. Ne5 Qxc7 $1 32. Nxc7 {[#]} Rxe5 {[%mdl 64] Decoy} 33. Rxe5 Bd6 $36 {[%mdl 2112] Double Attack. Black has strong initiative.} 34. Re3 $2 {This move loses the game for White.} (34. Rexd5 $17 Bxc7 35. R5d4) 34... Bxc7 $19 35. Ra3 {If White can now play a5 this consolidates a bit.} Ra8 36. Bc2 Ba5 37. Ra2 g6 38. Bb3 Rb8 39. Bc2 Kg7 40. Rb1 Rc8 41. Bd3 Rc3 42. Bb5 Bf5 43. Rd1 h5 44. Re2 Bc2 45. Rc1 {[#]} Bxa4 {[%mdl 512]} 46. Rxc3 {And now Ra3 would win.} Bxb5 47. Rc5 Bxe2 48. Rxa5 h4 49. Ra4 Bc4 50. g3 g5 51. Kg2 Kg6 52. Ra8 hxg3 53. fxg3 Bd3 54. Kf2 Bf5 55. g4 $2 (55. h4) 55... Be6 56. Ke3 Kg7 57. Kd4 Nd7 58. Ra3 (58. Ra2 $142) 58... Nf8 59. Rf3 Ng6 60. Ra3 Nf4 61. Ke5 Kg6 62. Rf3 Bd7 63. Rb3 f6+ 64. Kd4 Ba4 65. Rf3 Ne6+ 66. Kc3 Bb5 67. Kd2 d4 68. h4 gxh4 69. Rf5 Bc4 {Weighted Error Value: White=0.31/Black=0.04} 0-1

[Event "ARM National Team Qual 2021"]
[Site "Yerevan"]
[Date "2021.03.27"]
[Round "6.1"]
[White "Martirosyan, Haik M."]
[Black "Petrosyan, Manuel"]
[Result "1/2-1/2"]
[WhiteElo "2622"]
[BlackElo "2628"]
[Annotator "ChessBase"]
[PlyCount "72"]
[EventDate "2021.03.21"]
[EventType "tourn"]
[EventCountry "ARM"]
[SourceTitle "playchess.com"]
[Source "ChessBase"]
[SourceQuality "1"]
[TimeControl "40/5400+30:1800+30"]

1. d4 {[%emt 0:00:00]} Nf6 {[%emt 0:00:11]} 2. Nf3 {[%emt 0:00:00]} d5 {[%emt 0:00:52]} 3. c4 {[%emt 0:00:00]} e6 {[%emt 0:00:13]} 4. Nc3 {[%emt 0:00:00]} Bb4 {[%emt 0:00:23]} 5. Bg5 {[%emt 0:00:24]} dxc4 {[%emt 0:00:48]} 6. e4 {[%emt 0:00:20]} c5 {[%emt 0:00:29]} 7. Bxc4 {[%emt 0:01:04]} cxd4 {[%emt 0:00:18]} 8. Nxd4 {[%emt 0:00:18]} Qa5 {[%emt 0:02:36]} 9. Bd2 {[%emt 0:01:22]} Qc5 {[%emt 0:00:23]} 10. Bb5+ {[%emt 0:00:52]} Bd7 {[%emt 0:00:13]} 11. Nb3 {[%emt 0:01:16]} Qc7 {[%emt 0:00:25]} 12. O-O {[%emt 0:04:23]} O-O {[%emt 0:01:14]} 13. Bd3 {[%emt 0:01:38]} Nc6 {[%emt 0:02:50]} 14. f4 {[%emt 0:11:14]} e5 {[%emt 0:13:35]} 15. Nd5 {[%emt 0:05:18]} Nxd5 {[%emt 0:02:48]} 16. exd5 {[%emt 0:00:07]} Bxd2 {[%emt 0:08:23]} 17. Qxd2 {[%emt 0:00:35]} Qb6+ {[%emt 0:04:52]} 18. Rf2 {[%emt 0:01:32]} Nb4 {[%emt 0:01:11]} 19. fxe5 {[%emt 0:01:22]} Nxd5 {[%emt 0:00:49]} 20. Bxh7+ {[%emt 0:02:11]} Kxh7 {[%emt 0:01:45]} 21. Qxd5 {[%emt 0:00:10]} Be6 {[%emt 0:00:48]} 22. Qe4+ {[%emt 0:03:49]} Kg8 {[%emt 0:00:17]} 23. Nd4 {[%emt 0:02:10]} Rad8 {[%emt 0:03:45]} 24. Nf3 {[%emt 0:14:22]} f6 {[%emt 0:14:19]} 25. exf6 {[%emt 0:04:14]} Rxf6 {[%emt 0:00:22]} 26. Qe2 {[%emt 0:02:04]} Bd5 {[%emt 0:04:57]} 27. Kh1 {[%emt 0:01:22]} Re6 {[%emt 0:02:24]} 28. Qf1 {[%emt 0:01:02]} Rde8 {[%emt 0:03:23]} 29. b3 {[%emt 0:01:33]} Qa5 {[%emt 0:03:06]} 30. Qd3 {[%emt 0:03:54]} Re3 {[%emt 0:07:54]} 31. Qd2 {[%emt 0:01:49]} Qxd2 {[%emt 0:03:36]} 32. Rxd2 {[%emt 0:01:08]} Bxf3 {[%emt 0:00:26]} 33. gxf3 {[%emt 0:00:07]} Rxf3 {[%emt 0:00:08]} 34. Rc1 {[%emt 0:00:45]} Re7 {[%emt 0:02:11]} 35. Kg2 {[%emt 0:00:58]} Rf6 {[%emt 0:00:37]} 36. Rc3 {[%emt 0:00:25]} Kf7 {[%emt 0:01:04]} 1/2-1/2